000 00439nab a2200145Ia 4500
003 ES-SlBCS
005 20210601150038.0
008 140529s2013 xxu||||| |||| 00| 0 spa d
041 _aspa
100 1 _aGispert-Sauch, George
_959318
245 0 0 _aEn la celbración del sacerdocio
_c George Gispert-Sauch
650 0 4 _aSacerdocio
_913460
773 0 _tSelecciones de Teologia
_gvol. 52, nº. 207, 2013, págs. 193-196
_wRev424
942 _cAR
999 _c734418
_d734418